000 00607nam a2200229Ia 4500
003 OSt
005 20220928144607.0
006 a|||||r|||| 00| 0
007 ta
008 220927b |||||||| |||| 00| 0 eng d
024 _a72353
037 _cTextual
040 _aSDCL
_cSDCL
_beng
041 _2eng
_aeng
082 _aV58y7M42, L5
100 _aCapoulya Emile Ed.
_9508633
245 0 _aEssential Kropotkin.
260 _c1975
700 _a Tompkins Keitha Ed.
_9508634
942 _hV58y7M42, L5
_cTEXL
_2CC
999 _c828407
_d828407